[Event "Hersonissos Online op"]
[Site "Chess.com INT"]
[Date "2020.06.10"]
[Round "6"]
[White "Chilukuri, Sai Varshith"]
[Black "Yagna, Priya Polisetty"]
[Result "1-0"]
[WhiteElo "1943"]
[BlackElo "1156"]
[PlyCount "81"]
[EventDate "2020.06.05"]
[EventType "swiss"]
[EventRounds "9"]
[EventCountry "GRE"]
[SourceTitle "EXT 2021"]
[Source "ChessBase"]
[SourceDate "2020.10.23"]
[SourceVersion "1"]
[SourceVersionDate "2020.10.23"]
[SourceQuality "1"]

1. d4 Nf6 2. c4 g6 3. Nc3 Bg7 4. e4 d6 5. Nf3 c5 6. Be2 0-0 7. 0-0 Bg4 8. d5 Nbd7 9. h3 Bxf3 10. Bxf3 Ne5 11. Be2 Qb6 12. f4 Ned7 13. Rb1 a6 14. Be3 Qc7 15. Qd2 e6 16. dxe6 fxe6 17. Rfd1 d5 18. cxd5 exd5 19. Nxd5 Qc8 20. Ne7+ Kh8 21. Nxc8 Raxc8 22. e5 Ne4 23. Qxd7 b6 24. Bc4 b5 25. Be6 c4 26. Qxc8 Rxc8 27. Bxc8 Bf8 28. Rd8 Kg7 29. Rd7+ Kg8 30. Bb7 Nc5 31. Bd5+ Kh8 32. Bd4 Nxd7 33. e6+ Bg7 34. Bxg7+ Kxg7 35. exd7 Kf6 36. d8Q+ Kg7 37. Qe7+ Kh6 38. Qf8+ Kh5 39. Bf3+ Kh4 40. Qh6+ Kg3 41. Qg5# 1-0

[Event "IND-chT (Women) 16th"]
[Site "Bhubaneswar"]
[Date "2018.02.14"]
[Round "7.1"]
[White "Soumya, Swaminathan"]
[Black "Yagna, Priya Polisetty"]
[Result "1-0"]
[WhiteElo "2349"]
[BlackElo "1112"]
[PlyCount "77"]
[EventDate "2018.02.08"]
[EventType "team-swiss"]
[EventRounds "7"]
[EventCountry "IND"]
[SourceTitle "CBM 182 Extra"]
[Source "ChessBase"]
[SourceDate "2018.02.23"]
[SourceVersion "1"]
[SourceVersionDate "2018.02.23"]
[SourceQuality "1"]
[WhiteTeam "Petroleum Sports (W)"]
[BlackTeam "Telangana (W)"]
[WhiteTeamCountry "IND"]
[BlackTeamCountry "IND"]

1. e4 e6 2. d4 d5 3. Nc3 Bb4 4. e5 c5 5. a3 Bxc3+ 6. bxc3 cxd4 7. cxd4 Ne7 8. Bd3 Nbc6 9. Qg4 Ng6 10. Nf3 Bd7 11. h4 h5 12. Qg3 Nce7 13. Bd2 Rg8 14. Qg5 Rh8 15. Qg3 Rg8 16. Rb1 b6 17. Ng5 Qc7 18. Qf3 Nf5 19. c4 Nge7 20. cxd5 exd5 21. Rc1 Qd8 22. Qxh5 g6 23. Qh7 Rf8 24. Nf3 Rb8 25. Rc8 Qxc8 26. g4 Nxd4 27. Nxd4 Qc5 28. Nc2 d4 29. Qg7 Bxg4 30. Rg1 Bf5 31. Bb4 Qd5 32. Bxe7 Kxe7 33. Qf6+ Ke8 34. Bxf5 gxf5 35. Qxf5 d3 36. Nb4 Qd4 37. Qc8+ Qd8 38. Qxd8+ Kxd8 39. Nxd3 1-0

[Event "IND-chT (Women) 16th"]
[Site "Bhubaneswar"]
[Date "2018.02.08"]
[Round "1.2"]
[White "Yagna, Priya Polisetty"]
[Black "Bhakti, Kulkarni"]
[Result "0-1"]
[WhiteElo "1112"]
[BlackElo "2290"]
[PlyCount "104"]
[EventDate "2018.02.08"]
[EventType "team-swiss"]
[EventRounds "7"]
[EventCountry "IND"]
[SourceTitle "CBM 182 Extra"]
[Source "ChessBase"]
[SourceDate "2018.02.23"]
[SourceVersion "1"]
[SourceVersionDate "2018.02.23"]
[SourceQuality "1"]
[WhiteTeam "Telangana (W)"]
[BlackTeam "Air India (W)"]
[WhiteTeamCountry "IND"]
[BlackTeamCountry "IND"]

1. d4 Nf6 2. c4 c5 3. Nf3 e6 4. Bf4 cxd4 5. Nxd4 e5 6. Bg3 exd4 7. Qxd4 Bb4+ 8. Nc3 Nc6 9. Qd3 0-0 10. e3 d5 11. Be2 dxc4 12. Qxd8 Rxd8 13. Bxc4 Ne4 14. Rc1 Nxg3 15. hxg3 Ne5 16. Be2 Nd3+ 17. Bxd3 Rxd3 18. Ke2 Rd8 19. a3 Bxc3 20. Rxc3 Bd7 21. Rhc1 Rac8 22. Rxc8 Rxc8 23. Rxc8+ Bxc8 24. Kd3 Kf8 25. Kd4 Ke7 26. Ke5 Bd7 27. f3 Bb5 28. g4 Bf1 29. g3 f6+ 30. Kd4 Be2 31. Ke4 Ke6 32. b3 b5 33. b4 a6 34. f4 Bxg4 35. Kd4 f5 36. Kc5 Bd1 37. Kc6 Kf6 38. Kd5 Kg6 39. Ke5 Bc2 40. Ke6 Kh5 41. Kf7 Kg4 42. Kxg7 Kxg3 43. Kxh7 Kf3 44. Kg6 Kxe3 45. Kg5 Kf3 46. Kh4 Kxf4 47. Kh3 Ke3 48. Kg2 f4 49. Kf1 f3 50. Ke1 f2+ 51. Kf1 Kf3 52. a4 Bd3# 0-1